Учебник детских болезней (Запись № 7073717)

Подробности
000 -МАРКЕР
контрольное поле 01882nam0a22003611 4500
001 - ИДЕНТИФИКАТОР ЗАПИСИ
контрольное поле rc\2999378
005 - ИДЕНТИФИКАТОР ВЕРСИИ
контрольное поле 20250810055143.0
035 ## - ДРУГИЕ СИСТЕМНЫЕ НОМЕРА
Идентификатор записи (NLR Aleph) 007142899
100 ## - ДАННЫЕ ОБЩЕЙ ОБРАБОТКИ
Данные общей обработки 20091213d1945 u y0rusy50 ca
101 0# - ЯЗЫК РЕСУРСА
Язык текста, звукозаписи и т.д. русский
102 ## - СТРАНА ПУБЛИКАЦИИ ИЛИ ПРОИЗВОДСТВА
Страна публикации Российская Федерация
105 ## - ПОЛЕ КОДИРОВАННЫХ ДАННЫХ: ТЕКСТОВЫЕ МАТЕРИАЛЫ, МОНОГРАФИЧЕСКИЕ
Кодированные данные о монографическом текстовом документе a j ||||y
200 1# - ЗАГЛАВИЕ И СВЕДЕНИЯ ОБ ОТВЕТСТВЕННОСТИ
Основное заглавие Учебник детских болезней
Сведения, относящиеся к заглавию Для студентов лечфака
-- Допущ. ВКВШ при СНК СССР в качестве учебника для мед. ин-тов
Первые сведения об ответственности Н.И. Ланговой, В.А. Власов, Д.И. Блиндер
Последующие сведения об ответственности Под ред. проф. Н.И. Лангового
210 ## - ПУБЛИКАЦИЯ, РАСПРОСТРАНЕНИЕ И ДР.
Место издания, распространения и т.д. [Свердловск]
Имя издателя, распространителя и т. д. Свердл. отд-ние Медгиза
Дата издания, распространения и т.д. 1945
Имя изготовителя 5-я тип. треста "Полиграфкнига"
215 ## - ФИЗИЧЕСКАЯ ХАРАКТЕРИСТИКА
Специфическое обозначение материала и объем 616 с.
Другие сведения о физической характеристике ил.
Размеры 25 см
300 ## - ОБЩИЕ ПРИМЕЧАНИЯ
Текст примечания на переплете авт. не указаны
300 ## - ОБЩИЕ ПРИМЕЧАНИЯ
Текст примечания Помимо основных авт. в сост. учебника принимали участие: проф. Н.И. Осиновский, ассист. А.И. Титова, проф. И.Е. Майзель и др.
320 ## - ПРИМЕЧАНИЯ О НАЛИЧИИ В ДОКУМЕНТЕ БИБЛИОГРАФИИ / УКАЗАТЕЛЯ
Текст примечания Предм. указатель, с. 603-11
700 #1 - ИМЯ ЛИЦА - ПЕРВИЧНАЯ ОТВЕТСТВЕННОСТЬ
Начальный элемент ввода Ланговой
Часть имени, кроме начального элемента ввода Н.И.
Даты 1878-1947
Расширение инициалов личного имени Николай Иванович
701 #1 - ИМЯ ЛИЦА - АЛЬТЕРНАТИВНАЯ ОТВЕТСТВЕННОСТЬ
Начальный элемент ввода Власов
Часть имени, кроме начального элемента ввода В.А.
Расширение инициалов личного имени Виктор Алексеевич
701 #1 - ИМЯ ЛИЦА - АЛЬТЕРНАТИВНАЯ ОТВЕТСТВЕННОСТЬ
Начальный элемент ввода Блиндер
Часть имени, кроме начального элемента ввода Д.И.
702 #1 - ИМЯ ЛИЦА - ВТОРИЧНАЯ ОТВЕТСТВЕННОСТЬ
Начальный элемент ввода Осиновский
Часть имени, кроме начального элемента ввода Н.И.
Код отношения Прочие
702 #1 - ИМЯ ЛИЦА - ВТОРИЧНАЯ ОТВЕТСТВЕННОСТЬ
Код отношения Прочие
Графика поля Кириллица
Материалы, к которым относится поле rus
Начальный элемент ввода Титова
Часть имени, кроме начального элемента ввода А. И.
Дополнения к именам, кроме дат д-р мед. наук, педиатр
Даты 1901-1974
Расширение инициалов личного имени Александра Ивановна
Системный номер авторитетной/нормативной записи 236138
Идентификатор авторитетной/нормативной записи RU\NLR\AUTH\770236194
702 #1 - ИМЯ ЛИЦА - ВТОРИЧНАЯ ОТВЕТСТВЕННОСТЬ
Начальный элемент ввода Майзель
Часть имени, кроме начального элемента ввода И.Е.
Код отношения Прочие
801 #0 - ИСТОЧНИК ЗАПИСИ
Страна Российская Федерация
Организация NLR
Правила каталогизации psbo
801 #1 - ИСТОЧНИК ЗАПИСИ
Страна Российская Федерация
Организация ELAR
Источник данных rusmarc
852 ## - МЕСТОНАХОЖДЕНИЕ И ШИФР ХРАНЕНИЯ
Идентификатор организации NLR
Шифр хранения (Call Number) Мд36 Г-7/3
942 ## - ДОПОЛНИТЕЛЬНЫЕ ЭЛЕМЕНТЫ ЗАПИСИ (АБИС)
Тип экземпляра АБИС Книга
945 ## - Информацию об издании предоставили:
Полное название организации, предоставившей материал Российская национальная библиотека
980 ## - КОЛЛЕКЦИЯ
Название коллекции Национальная библиография
980 ## - КОЛЛЕКЦИЯ
Название коллекции Библиография Победы
Экземпляры
Тип экземпляра Дата поступления Библиотека постоянного хранения Библиотека текущего хранения Место хранения Шифр хранения Штрих-код Статус экземпляра
Книга 26.10.2013 РНБ (Садовая) РНБ (Садовая) Русский книжный фонд -Главное здание, Ленинский читальный зал Мд36 Г-7/3 7142899-10